00499nam a2200133Ia 4500008004100000100002200041245005100063260006900114300001100183650001100194856006800205999001900273952007300292160712s9999 xx 000 0 und d aIcayan, Joy Anne. cJoy Anne IcayanaShock Session and Other Poems c2013bLikhaan: The Journal of Contemporary Philippine Literature avol. 7 xPOETRY uhttp://journals.upd.edu.ph/index.php/lik/issue/view/537/showToc c297341d297341 001040aCLbCLd2016-07-12l0r2016-07-12 00:00:00w2016-07-12yFEJ